000 00269nam a2200109Ia 4500
008 220204s9999 xx 000 0 und d
082 _a681.31
_bGRO
100 _aGrover, P S
245 0 _aComputer programming in BASIC
260 _aNew Delhi
_bAllied
_c1980
942 _cBK
999 _c39280
_d39280